Datum a čas kvízu
23.5
Celkem bodů
Celkový počet nahraných bodů na tomto kvízu bez doplňovacích otázek.
10.
Pořadí na kvízu
Konečné umístění týmu na tomto kvízu.
Zaznamenané odpovědi
| # | Otázka | Odpověď | Body | Výsledky |
|---|---|---|---|---|
| 1. | V sobotu byla pro návštěvníky... | Bohumil Hrabal, Kersko | 0 | |
| 2. | Američan Lorenzo Prendini, kap... | A | 0 | |
| 3. | Minulý týden začal režisér Tom... | Tři princezny | 0 | |
| 4. | Bývalá manželka Billa Gatese M... | Gatesova nadace | 0 | |
| 5. | Dvacetiletý atlet Tomáš Habart... | D) na 3 000 m překážek | 0 | |
| 6. | Bájného českého knížete Kroka,... | Krakov | 1 | |
| 7. | K Janu Žižkovi se váže jistá p... | C | 1 | |
| 8. | Přiřaďte k sobě dvojice hrdinů... | 1D 2C 3B 4A | 1 | |
| 9. | O hřbitovním kostele sv. Maří... | Svatební košile | 1 | |
| 10. | Pokud dokážete určit, co tento... | Stadice | 0 |